Statistics for UEFA champions league 2022-23 group stage

Click here to take the quiz!

General Stats

  • This quiz has been taken 169 times
  • The average score is 20 of 32

Answer Stats

GroupTeam% Correct
Group CBayern munich
92%
Group ALiverpool
89%
Group CBarcelona
87%
Group FReal madrid
85%
Group CInter milan
84%
Group EAC milan
80%
Group EChelsea
80%
Group GManchester city
80%
Group ANapoli
78%
Group AAjax
77%
Group DTottenham hotspur
77%
Group HParis saint germain
76%
Group HBenfica
73%
Group HJuventus
73%
Group BPorto
73%
Group GBorussia dortmund
72%
Group BAtletico madrid
70%
Group ARangers
67%
Group DMarseille
59%
Group GSevilla
58%
Group FCeltic
56%
Group BClub brugge
53%
Group FRB leipzig
47%
Group HMaccabi haifa
41%
Group GCopenhagen
39%
Group CViktoria plzen
39%
Group EDinamo zagreb
36%
Group ESalzburg
36%
Group BBayer leverkusen
33%
Group FShakhtar donetsk
30%
Group DSporting CP
16%
Group DEintracht franfurt
2%

Score Distribution

Percentile by Number Answered

Percent of People with Each Score

Your Score History

You have not taken this quiz